000 00472 a2200169 4500
999 _c6123
_d6123
020 _a9780770420291
050 _aPZ 4 ATW 1979
100 _aAtwood, Margaret,
245 _aLife before man/
_cMargaret Atwood
264 _aToronto:
_bMcClelland-Bantam,
_c1979
300 _a291 p.
500 _anovel
650 _aMarried people
_xFiction.
650 _aTriangles (Interpersonal relations)
_xFiction.
650 _aAdultery
_x Fiction
942 _2lcc
_cBK
_h4
_iATW
_kPZ